[Event "IX American Continental Classical Championship 201"]
[Site "Hotel Pipa AtlÃ¢ntico - Praia da Pipa - Rio Grande"]
[Date "2014.10.22"]
[Round "6"]
[Board "72"]
[White "Bulgarini Torre, Marco"]
[Black "Macedo, Alexandre Soares De"]
[Result "1-0"]
[WhiteElo "1978"]
[BlackElo "1854"]
[PlyCount "61"]
[EventDate "2014.10.18"]
[EventRounds "11"]
[EventCountry "BRA"]

1. e4 c6 2. d4 d5 3. e5 Bf5 4. Nf3 Nd7 5. Nh4 Be4 6. f3 e6 7. g3 Bg6 8. Nxg6
hxg6 9. c3 Nh6 10. Bg2 Nf5 11. Qe2 Qb6 12. g4 Nh4 13. O-O Be7 14. Bh1 O-O-O 15.
b4 Rh7 16. a4 Bxb4 17. Be3 Ba5 18. f4 Qc7 19. Qd3 Rdh8 20. Rf2 Nb6 21. Nd2 Nc4
22. Nxc4 dxc4 23. Qxc4 Rd8 24. Rb2 Rd7 25. Rab1 b6 26. Bxc6 Kd8 27. Rf1 Qc8 28.
f5 exf5 29. Bg5+ Re7 30. Qd5+ Kc7 31. Qd6# 1-0

[Event "IX American Continental Classical Championship 201"]
[Site "Hotel Pipa AtlÃ¢ntico - Praia da Pipa - Rio Grande"]
[Date "2014.10.22"]
[Round "6"]
[Board "74"]
[White "Schuh, Astor Jose"]
[Black "Vasconcelos, Paulo Cesar Da S."]
[Result "0-1"]
[WhiteElo "1956"]
[BlackElo "1844"]
[PlyCount "132"]
[EventDate "2014.10.18"]
[EventRounds "11"]
[EventCountry "BRA"]

1. e4 c5 2. Nf3 Nc6 3. Bc4 d6 4. O-O g6 5. d4 cxd4 6. Nxd4 Bg7 7. Nxc6 bxc6 8.
Qf3 e6 9. Nc3 Qf6 10. Qg3 Qe7 11. Bg5 f6 12. Be3 Nh6 13. f4 f5 14. Bd3 O-O 15.
exf5 Nxf5 16. Bxf5 gxf5 17. Bd4 Rf7 18. Rae1 c5 19. Bxg7 Rxg7 20. Qh3 Bb7 21.
Rf2 Kh8 22. g3 Qd7 23. Rfe2 Rg6 24. Kf2 Kg7 25. Qh4 Re8 26. Rd2 Qc6 27. Re3
Qg2+ 28. Ke1 Qg1+ 29. Ke2 Ba6+ 30. Rdd3 Qg2+ 31. Kd1 Bxd3 32. Rxd3 d5 33. Ne2
Rg4 34. Qh5 Re7 35. Rb3 c4 36. Rb8 Rg6 37. Qh4 Rf7 38. Re8 d4 39. Qd8 Qh1+ 40.
Kd2 Rgf6 41. Rg8+ Kh6 42. Rg5 Qd5 43. Qg8 c3+ 44. bxc3 dxc3+ 45. Ke1 Qh1+ 46.
Kf2 Qxh2+ 47. Ke3 e5 48. fxe5 Re7 49. Kd3 Rd7+ 50. Ke3 Re7 51. Kf3 Qh1+ 52. Kf2
Qh2+ 53. Kf1 Qh3+ 54. Kg1 Rg6 55. Rxg6+ hxg6 56. Qh8+ Rh7 57. Qf8+ Rg7 58. Qh8+
Rh7 59. Qf8+ Rg7 60. e6 f4 61. e7 f3 62. Qh8+ Rh7 63. Qf8+ Rg7 64. Qf4+ Kh7 65.
Qxf3 Rxe7 66. Nf4 Re1+ 0-1

[Event "IX American Continental Classical Championship 201"]
[Site "Hotel Pipa AtlÃ¢ntico - Praia da Pipa - Rio Grande"]
[Date "2014.10.22"]
[Round "6"]
[Board "75"]
[White "Freitas, Remulo Aguiar"]
[Black "Feijo, Francisco Celio"]
[Result "1-0"]
[WhiteElo "1944"]
[BlackElo "1825"]
[PlyCount "75"]
[EventDate "2014.10.18"]
[EventRounds "11"]
[EventCountry "BRA"]

1. d4 Nf6 2. e3 e6 3. Bd3 b6 4. f4 Bb7 5. Nf3 Ne4 6. O-O g6 7. Nbd2 Nxd2 8.
Bxd2 Bg7 9. c4 O-O 10. Qc2 c5 11. dxc5 bxc5 12. Bc3 Bxc3 13. Qxc3 Nc6 14. Rad1
Qe7 15. e4 f6 16. e5 fxe5 17. fxe5 Rf7 18. h4 Raf8 19. Be4 Rf4 20. Qe3 Kg7 21.
g3 R4f7 22. Nh2 Rxf1+ 23. Rxf1 Rxf1+ 24. Kxf1 h5 25. Nf3 Nd8 26. Bxb7 Nxb7 27.
Ng5 Nd8 28. Ne4 Nb7 29. Kg2 d6 30. exd6 Nxd6 31. Nxc5 Nf5 32. Qe5+ Kf7 33. Ne4
Ne3+ 34. Kg1 Nxc4 35. Qh8 Qf8 36. Qf6+ Kg8 37. Qxg6+ Qg7 38. Nf6+ 1-0

[Event "IX American Continental Classical Championship 201"]
[Site "Hotel Pipa AtlÃ¢ntico - Praia da Pipa - Rio Grande"]
[Date "2014.10.22"]
[Round "6"]
[Board "77"]
[White "Bortoloso, Moacir Canella"]
[Black "Schucman, Rebeca Lot"]
[Result "1-0"]
[WhiteElo "2190"]
[BlackElo "1619"]
[PlyCount "79"]
[EventDate "2014.10.18"]
[EventRounds "11"]
[EventCountry "BRA"]

1. e4 c5 2. Nf3 Nc6 3. d4 cxd4 4. Nxd4 g6 5. Be3 Bg7 6. Nc3 Nf6 7. Bc4 Qa5 8.
O-O O-O 9. Bb3 d6 10. h3 Bd7 11. f4 Rfe8 12. Nf3 b5 13. e5 Nh5 14. Bxf7+ Kxf7
15. e6+ Bxe6 16. Ng5+ Kg8 17. Nxe6 Bf6 18. Qd5 Nb4 19. Qb3 Kh8 20. a3 Nc6 21.
Nd5 Ng3 22. Rf3 Ne2+ 23. Kh1 Ncd4 24. Bxd4 Nxd4 25. Nxd4 Bxd4 26. c3 Bg7 27.
Re1 e6 28. Rfe3 e5 29. Nb4 Qc7 30. Qd5 Qd7 31. fxe5 a5 32. Nd3 Qf5 33. Qxb5
Reb8 34. Qd5 dxe5 35. Nxe5 Ra7 36. Rf3 Qh5 37. Nf7+ Kg8 38. Ng5+ Kh8 39. Rfe3
Bf6 40. Re8+ 1-0

[Event "IX American Continental Classical Championship 201"]
[Site "Hotel Pipa AtlÃ¢ntico - Praia da Pipa - Rio Grande"]
[Date "2014.10.22"]
[Round "6"]
[Board "78"]
[White "Araujo, Sergio Murilo"]
[Black "Felix, Dieggo Guerra"]
[Result "1-0"]
[WhiteElo "2109"]
[BlackElo "1656"]
[PlyCount "53"]
[EventDate "2014.10.18"]
[EventRounds "11"]
[EventCountry "BRA"]

1. c4 c6 2. Nc3 d5 3. d4 Nf6 4. e3 e6 5. Bd3 Nbd7 6. Nf3 Be7 7. O-O O-O 8. b3
Qc7 9. Bb2 a5 10. Rc1 Bd6 11. cxd5 exd5 12. Nb5 Qb8 13. Nxd6 Qxd6 14. Ne5 Re8
15. Qc2 h6 16. f3 Nf8 17. e4 Ne6 18. Nxf7 Qf4 19. Ne5 Qe3+ 20. Qf2 Qxf2+ 21.
Rxf2 Nf4 22. Bb1 Be6 23. Kf1 g5 24. g3 N4h5 25. Re1 Nd7 26. exd5 cxd5 27. Bg6
 1-0

[Event "IX American Continental Classical Championship 201"]
[Site "Hotel Pipa AtlÃ¢ntico - Praia da Pipa - Rio Grande"]
[Date "2014.10.22"]
[Round "6"]
[Board "81"]
[White "Gomes, Jose Murilo"]
[Black "Albuquerque, Rafael Anderson"]
[Result "1-0"]
[WhiteElo "1864"]
[BlackElo "1981"]
[PlyCount "57"]
[EventDate "2014.10.18"]
[EventRounds "11"]
[EventCountry "BRA"]

1. e4 e5 2. Nf3 Nc6 3. d4 exd4 4. Nxd4 Bc5 5. Be3 Qf6 6. c3 Qg6 7. Qe2 Nge7 8.
Nb5 Bd6 9. Qd3 a6 10. Nxd6+ cxd6 11. f4 f5 12. Nd2 O-O 13. O-O-O fxe4 14. Qxe4
d5 15. Qxg6 Nxg6 16. g3 d6 17. Nb3 Bg4 18. Rd2 Rae8 19. Bf2 Bf3 20. Rg1 Re6 21.
Bg2 Be4 22. Rxd5 Bxg2 23. Rxg2 Rxf4 24. gxf4 Nxf4 25. Rdg5 Nxg2 26. Rxg2 Re2
27. Nd2 d5 28. Kd1 Re6 29. Nb3 1-0

[Event "IX American Continental Classical Championship 201"]
[Site "Hotel Pipa AtlÃ¢ntico - Praia da Pipa - Rio Grande"]
[Date "2014.10.22"]
[Round "6"]
[Board "82"]
[White "Baltar, Petrov Ferreira"]
[Black "Rapouso, Ricardo Luis Borba"]
[Result "0-1"]
[WhiteElo "1844"]
[BlackElo "1934"]
[PlyCount "68"]
[EventDate "2014.10.18"]
[EventRounds "11"]
[EventCountry "BRA"]

1. d4 d5 2. Nf3 c6 3. c4 e6 4. Nc3 dxc4 5. a4 Bb4 6. Ne5 b5 7. e3 Nf6 8. axb5
cxb5 9. Qf3 Qd5 10. Bd2 Bxc3 11. Bxc3 Qxf3 12. Nxf3 Nd5 13. Bd2 Nc6 14. Be2 Bb7
15. O-O a6 16. Rfc1 O-O 17. e4 Nf6 18. e5 Nd5 19. b3 cxb3 20. Rab1 Rfc8 21.
Rxb3 h6 22. h3 b4 23. Rc5 a5 24. Bb5 a4 25. Rb1 a3 26. Bc4 Kh7 27. Ba2 Nxd4 28.
Bxb4 Nxb4 29. Rxc8 Nxf3+ 30. gxf3 Rxc8 31. Rxb4 Bxf3 32. Rb3 Rc1+ 33. Kh2 Bd5
34. Rxa3 Ra1 0-1

[Event "IX American Continental Classical Championship 201"]
[Site "Hotel Pipa AtlÃ¢ntico - Praia da Pipa - Rio Grande"]
[Date "2014.10.22"]
[Round "6"]
[Board "83"]
[White "Silva, Carolina Alves"]
[Black "Fragoso, Evander Correa"]
[Result "0-1"]
[WhiteElo "1791"]
[BlackElo "1913"]
[PlyCount "72"]
[EventDate "2014.10.18"]
[EventRounds "11"]
[EventCountry "BRA"]

1. e4 e6 2. d4 d5 3. exd5 Qxd5 4. c4 Bb4+ 5. Nc3 Bxc3+ 6. bxc3 Qa5 7. Qb3 b6 8.
Rb1 Nf6 9. Ba3 Nc6 10. Nf3 Qf5 11. Rd1 Bd7 12. Bd3 Qh5 13. O-O Na5 14. Qb4
O-O-O 15. c5 Nd5 16. Qb2 Nf4 17. Be4 Nxg2 18. Qe2 Nf4 19. Qa6+ Kb8 20. Ne5 Bc8
21. Qxa5 Nh3+ 22. Kg2 bxa5 23. Nc6+ Ka8 24. Nxd8+ c6 25. Bxc6+ Kb8 26. Nxf7
Nf4+ 27. Kh1 Qxf7 28. Rb1+ Kc7 29. Be4 Nh3 30. c4 Qf4 31. f3 Qe3 32. d5 Nf2+
33. Kg2 Nxe4 34. fxe4 Qxa3 35. Rf7+ Kd8 36. c6 Qxa2+ 0-1

[Event "IX American Continental Classical Championship 201"]
[Site "Hotel Pipa AtlÃ¢ntico - Praia da Pipa - Rio Grande"]
[Date "2014.10.22"]
[Round "6"]
[Board "85"]
[White "Cardoso, Almir Correia"]
[Black "Presa, Luis Alberto Passos"]
[Result "1-0"]
[WhiteElo "2066"]
[BlackElo "1701"]
[PlyCount "77"]
[EventDate "2014.10.18"]
[EventRounds "11"]
[EventCountry "BRA"]

1. e4 c6 2. d4 d5 3. Nc3 dxe4 4. Nxe4 Nd7 5. Nf3 Ngf6 6. Ng3 e6 7. Bd3 Be7 8.
O-O O-O 9. c4 c5 10. Be3 b6 11. Qc2 Bb7 12. Ne5 cxd4 13. Bxd4 Nxe5 14. Bxe5 g6
15. Rad1 Qc8 16. Qc3 Qc6 17. f3 Bc5+ 18. Kh1 Nd7 19. Be4 Qc8 20. Bxb7 Qxb7 21.
Bg7 Rfe8 22. Ne4 Be7 23. Bh8 e5 24. Bxe5 Nxe5 25. Qxe5 Qc6 26. Qc3 f5 27. Nf2
Bf6 28. Qc2 Re3 29. Nd3 Rae8 30. Nb4 Qe6 31. Nd5 Re2 32. Qxe2 Qxe2 33. Nxf6+
Kf7 34. Nxe8 Qxe8 35. Rf2 Qe6 36. b3 a6 37. Rfd2 Ke7 38. Kg1 h5 39. Kf2 1-0

[Event "IX American Continental Classical Championship 201"]
[Site "Hotel Pipa AtlÃ¢ntico - Praia da Pipa - Rio Grande"]
[Date "2014.10.22"]
[Round "6"]
[Board "86"]
[White "Moura, Paulo Jorge Alves B."]
[Black "Carneiro, Jose Gildivan"]
[Result "0-1"]
[WhiteElo "2000"]
[BlackElo "1636"]
[PlyCount "70"]
[EventDate "2014.10.18"]
[EventRounds "11"]
[EventCountry "BRA"]

1. d4 d5 2. c4 e6 3. Nc3 c6 4. e3 Nf6 5. Nf3 Bb4 6. Bd2 Nbd7 7. Bd3 dxc4 8.
Bxc4 O-O 9. O-O Be7 10. Rc1 b5 11. Bd3 Bb7 12. a3 a6 13. Re1 c5 14. dxc5 Nxc5
15. Be2 Nd3 16. Bxd3 Qxd3 17. Nb1 Rac8 18. Ne5 Qe4 19. Nf3 Rxc1 20. Qxc1 Qg6
21. Qd1 Rd8 22. Qe2 Rd5 23. Bc3 Rf5 24. Kh1 Rxf3 25. gxf3 Qg4 26. Nd2 Qh3 27.
Rg1 Bd6 28. Rg2 Ng4 29. Kg1 Bxh2+ 30. Kf1 f6 31. Ne4 Be5 32. Bxe5 fxe5 33. Ng5
Qh1+ 34. Rg1 Nh2+ 35. Ke1 Qxg1+ 0-1

[Event "IX American Continental Classical Championship 201"]
[Site "Hotel Pipa AtlÃ¢ntico - Praia da Pipa - Rio Grande"]
[Date "2014.10.22"]
[Round "6"]
[Board "87"]
[White "Macedo, Luiz Soares De"]
[Black "Besso, Guadalupe"]
[Result "0-1"]
[WhiteElo "1649"]
[BlackElo "1947"]
[PlyCount "56"]
[EventDate "2014.10.18"]
[EventRounds "11"]
[EventCountry "BRA"]

1. e4 c5 2. Nc3 Nc6 3. Nf3 g6 4. Bc4 Bg7 5. Ng5 e6 6. d3 h6 7. Nf3 Nge7 8. O-O
O-O 9. Re1 d5 10. exd5 exd5 11. Bb5 Bg4 12. h3 Bxf3 13. Qxf3 Nd4 14. Qd1 a6 15.
Ba4 b5 16. Bb3 c4 17. dxc4 dxc4 18. Bxc4 bxc4 19. Be3 Nef5 20. Bd2 Nb5 21. Na4
Qc7 22. c3 Rfe8 23. Qg4 h5 24. Qf3 Bh6 25. Bxh6 Nxh6 26. Re2 Rxe2 27. Qxa8+ Kg7
28. Qxa6 Nd6 0-1

[Event "IX American Continental Classical Championship 201"]
[Site "Hotel Pipa AtlÃ¢ntico - Praia da Pipa - Rio Grande"]
[Date "2014.10.22"]
[Round "6"]
[Board "88"]
[White "Farias, Sergio Luiz Cardoso"]
[Black "Ribeiro , Allysson"]
[Result "0-1"]
[WhiteElo "1575"]
[BlackElo "1926"]
[PlyCount "74"]
[EventDate "2014.10.18"]
[EventRounds "11"]
[EventCountry "BRA"]

1. d4 d5 2. c4 Nc6 3. Nc3 Nf6 4. e3 e5 5. dxe5 Nxe5 6. cxd5 Bd6 7. Nf3 Bg4 8.
Be2 O-O 9. Nxe5 Bxe2 10. Qxe2 Bxe5 11. e4 Re8 12. f3 Qd6 13. Bg5 Rad8 14. Qd2
c6 15. Rd1 h6 16. Bxf6 Qxf6 17. O-O cxd5 18. Nxd5 Qd6 19. f4 Qc5+ 20. Kh1 Bb8
21. Qe2 Rxd5 22. Rxd5 Qxd5 23. exd5 Rxe2 24. g3 Rxb2 25. Rd1 Bd6 26. a4 Rb4 27.
a5 Rb5 28. a6 b6 29. Kg2 Ra5 30. Rc1 Bc5 31. Kf3 Kf8 32. Ke4 Rxa6 33. Ke5 Ra2
34. d6 Re2+ 35. Kf5 g6+ 36. Kg4 Rd2 37. h4 Rxd6 0-1

[Event "IX American Continental Classical Championship 201"]
[Site "Hotel Pipa AtlÃ¢ntico - Praia da Pipa - Rio Grande"]
[Date "2014.10.22"]
[Round "6"]
[Board "89"]
[White "Gomes, Carlos Henrique Caldeir"]
[Black "Do Nascimento, Denner Leonardo"]
[Result "1-0"]
[WhiteElo "1888"]
[BlackElo "1555"]
[PlyCount "107"]
[EventDate "2014.10.18"]
[EventRounds "11"]
[EventCountry "BRA"]

1. d4 Nf6 2. Nf3 g6 3. c4 Bg7 4. Nc3 O-O 5. e4 d6 6. h3 e5 7. Be3 Nc6 8. d5 Ne7
9. Be2 Nd7 10. Qd2 f5 11. Bh6 fxe4 12. Bxg7 Kxg7 13. Ng5 Nf6 14. Ngxe4 Nf5 15.
h4 Nd4 16. h5 Nxh5 17. Bxh5 gxh5 18. Rxh5 Kh8 19. Ng5 Bf5 20. Nce4 Bg6 21. Rh6
Nf5 22. Ne6 Qe7 23. Rh2 Rfe8 24. O-O-O Nd4 25. N4g5 c6 26. Nxd4 exd4 27. Qxd4+
Qe5 28. Qxe5+ Rxe5 29. Nf3 Re2 30. Rd2 Rxd2 31. Kxd2 cxd5 32. cxd5 Rc8 33. Nd4
Be4 34. Rh6 Bxd5 35. Rxd6 Bxa2 36. Rd7 Rb8 37. b3 Bb1 38. f3 Bg6 39. f4 h5 40.
g3 a5 41. f5 Be8 42. Re7 b5 43. f6 a4 44. f7 Bxf7 45. Rxf7 a3 46. Rf5 a2 47.
Nc2 Kh7 48. Rxh5+ Kg6 49. Rc5 Rf8 50. Rc6+ Kg7 51. Ra6 Rf3 52. b4 Rxg3 53. Rxa2
Kf6 54. Ra5 1-0

[Event "IX American Continental Classical Championship 201"]
[Site "Hotel Pipa AtlÃ¢ntico - Praia da Pipa - Rio Grande"]
[Date "2014.10.22"]
[Round "6"]
[Board "93"]
[White "Vieira, Erico Vinicius Duarte"]
[Black "Da Silva, Antonio Dutra"]
[Result "0-1"]
[WhiteElo "1520"]
[BlackElo "1747"]
[PlyCount "68"]
[EventDate "2014.10.18"]
[EventRounds "11"]
[EventCountry "BRA"]

1. e4 c5 2. Nf3 Nc6 3. g3 g6 4. Bg2 Bg7 5. c3 d5 6. exd5 Qxd5 7. O-O Bg4 8. h3
Bxf3 9. Bxf3 Qd7 10. Qa4 a6 11. Na3 Rc8 12. Bg2 Nf6 13. Qc2 b5 14. Rd1 O-O 15.
d3 e5 16. Be3 Qe7 17. Qd2 Rfd8 18. Nc2 Nd5 19. Bh6 f5 20. Bg5 Bf6 21. Bh6 Rd6
22. h4 Rcd8 23. Ne3 Nxe3 24. Bxe3 Rxd3 25. Qe2 e4 26. Rd2 Ne5 27. Rad1 c4 28.
Bh1 h5 29. Bd4 Rxd2 30. Rxd2 Nd3 31. Be3 Kg7 32. a3 a5 33. Bb6 Nc1 34. Bxd8
Nxe2+ 0-1

[Event "IX American Continental Classical Championship 201"]
[Site "Hotel Pipa AtlÃ¢ntico - Praia da Pipa - Rio Grande"]
[Date "2014.10.22"]
[Round "6"]
[Board "95"]
[White "Pereira Fo, Hildebrando Apolon"]
[Black "Da Silva Filho, Ibernon Luiz"]
[Result "0-1"]
[WhiteElo "1803"]
[BlackElo "1716"]
[PlyCount "86"]
[EventDate "2014.10.18"]
[EventRounds "11"]
[EventCountry "BRA"]

1. c4 Nf6 2. d3 b6 3. Nf3 Bb7 4. e3 g6 5. Be2 Bg7 6. Bd2 O-O 7. Bc3 d6 8. O-O
Nbd7 9. Nbd2 e5 10. b4 Re8 11. Ng5 Qe7 12. Nge4 d5 13. Ng3 c5 14. bxc5 Nxc5 15.
Bb4 Qd7 16. d4 exd4 17. exd4 Nce4 18. Ngxe4 Nxe4 19. Nf3 dxc4 20. Bxc4 Rac8 21.
Qd3 Nd6 22. Rac1 Rxc4 23. Rxc4 Ba6 24. Rfc1 Bxc4 25. Rxc4 Nxc4 26. Qxc4 Rc8 27.
Qf1 Qc7 28. Bd2 Qc4 29. a3 Bxd4 30. Qd1 Bc5 31. Ne5 Qe6 32. Qa1 Re8 33. Bc3 Qf5
34. Nf3 Re2 35. Qd1 Re8 36. h3 a5 37. Nd4 Qd5 38. Qa4 Re4 39. Qb5 Rxd4 40. Qe8+
Kg7 41. Qe3 f6 42. Bxd4 Qxd4 43. Qxd4 Bxd4 0-1

[Event "IX American Continental Classical Championship 201"]
[Site "Hotel Pipa AtlÃ¢ntico - Praia da Pipa - Rio Grande"]
[Date "2014.10.22"]
[Round "6"]
[Board "96"]
[White "Dantas, Isaac Pereira"]
[Black "Sousa, Virginio Aleixo Da Silv"]
[Result "1-0"]
[WhiteElo "1633"]
[BlackElo "1499"]
[PlyCount "51"]
[EventDate "2014.10.18"]
[EventRounds "11"]
[EventCountry "BRA"]

1. d4 d6 2. c4 Nf6 3. Nf3 g6 4. Nc3 Bg7 5. e4 c5 6. dxc5 Qa5 7. Bd2 Qxc5 8. Be2
O-O 9. O-O Qc7 10. Rc1 Nc6 11. Nd5 Qd8 12. Qc2 Bg4 13. Bc3 Rc8 14. Qb1 Nb8 15.
h3 Bd7 16. e5 dxe5 17. Bxe5 Bf5 18. Qa1 e6 19. Ne3 Be4 20. Rfd1 Qe7 21. Bd6 Qe8
22. Bxf8 Bxf8 23. Nd2 Bc6 24. Bf3 Ba4 25. b3 Bc6 26. Qxf6 1-0

[Event "IX American Continental Classical Championship 201"]
[Site "Hotel Pipa AtlÃ¢ntico - Praia da Pipa - Rio Grande"]
[Date "2014.10.22"]
[Round "6"]
[Board "97"]
[White "Scardini, Leonardo"]
[Black "Born, Ary"]
[Result "1-0"]
[WhiteElo "1522"]
[BlackElo "1453"]
[PlyCount "63"]
[EventDate "2014.10.18"]
[EventRounds "11"]
[EventCountry "BRA"]

1. d4 Nf6 2. c4 g6 3. Nc3 Bg7 4. e4 d6 5. Be2 O-O 6. Be3 e5 7. d5 a6 8. h3 Kh8
9. Qd2 Ng8 10. f4 f5 11. g3 Nd7 12. Nf3 h6 13. O-O-O b6 14. Nh4 Qe8 15. Bd3 Nc5
16. Bc2 Ne7 17. Nf3 Bd7 18. fxe5 Ng8 19. e6 Bxc3 20. Qxc3+ Rf6 21. exd7 Qxd7
22. Bxh6 Nxe4 23. Bxe4 Qh7 24. Bg5 fxe4 25. Bxf6+ Nxf6 26. Qxf6+ Kg8 27. Ng5
Qh6 28. Qe6+ Kg7 29. Qe7+ Kg8 30. Rhf1 Rf8 31. Rxf8+ Qxf8 32. Qh7# 1-0

[Event "IX American Continental Classical Championship 201"]
[Site "Hotel Pipa AtlÃ¢ntico - Praia da Pipa - Rio Grande"]
[Date "2014.10.22"]
[Round "7"]
[Board "1"]
[White "Shabalov, Alexander"]
[Black "Granda Zuniga, Julio E"]
[Result "1/2-1/2"]
[WhiteElo "2499"]
[BlackElo "2674"]
[PlyCount "84"]
[EventDate "2014.10.18"]
[EventRounds "11"]
[EventCountry "BRA"]

1. d4 Nf6 2. c4 e6 3. Nf3 b6 4. g3 Bb7 5. Bg2 g6 6. O-O Bg7 7. Nc3 Ne4 8. Nxe4
Bxe4 9. Bg5 Qc8 10. Qd2 h6 11. Be3 d6 12. Rac1 Nc6 13. d5 Ne7 14. Bh3 Bf5 15.
g4 Be4 16. Nd4 g5 17. f4 exd5 18. cxd5 Qd7 19. Nf5 Nxf5 20. gxf5 g4 21. Bxg4
Rg8 22. Kf2 Bf6 23. Rg1 O-O-O 24. Kf1 Bxf5 25. Bxf5 Qxf5 26. Rxg8 Rxg8 27. Qc2
Qh3+ 28. Ke1 Bd8 29. Qe4 Qd7 30. Kd2 Re8 31. Qd3 f5 32. Rc3 Kb8 33. Ra3 Qc8 34.
Rc3 Bf6 35. Rc2 Re7 36. a4 Qe8 37. a5 Qa4 38. axb6 axb6 39. b3 Qb4+ 40. Kd1 Qe4
41. Kd2 Qb4+ 42. Kd1 Qe4 1/2-1/2

[Event "IX American Continental Classical Championship 201"]
[Site "Hotel Pipa AtlÃ¢ntico - Praia da Pipa - Rio Grande"]
[Date "2014.10.22"]
[Round "7"]
[Board "2"]
[White "Bruzon Batista, Lazaro"]
[Black "Hernandez Guerrero, Gilberto"]
[Result "1/2-1/2"]
[WhiteElo "2679"]
[BlackElo "2531"]
[PlyCount "81"]
[EventDate "2014.10.18"]
[EventRounds "11"]
[EventCountry "BRA"]

1. d4 Nf6 2. c4 g6 3. Nc3 Bg7 4. e4 d6 5. f3 O-O 6. Be3 c5 7. Nge2 Nc6 8. d5
Ne5 9. Ng3 h5 10. Be2 e6 11. O-O exd5 12. cxd5 a6 13. a4 Nh7 14. Qd2 h4 15. Nh1
f5 16. Nf2 Bd7 17. exf5 gxf5 18. Nh3 Qe7 19. Kh1 Rae8 20. Bh6 Kh8 21. Bxg7+
Qxg7 22. Nf4 Rg8 23. Rf2 Re7 24. Rd1 Nf8 25. a5 Nh7 26. b3 Nf6 27. Bf1 Rge8 28.
Na4 Bxa4 29. bxa4 Qh6 30. Rb1 Ng6 31. Nxg6+ Qxg6 32. Re2 f4 33. Rxe7 Qxb1 34.
Rxe8+ Nxe8 35. Kg1 Qb4 36. Qe2 Qd4+ 37. Kh1 Nf6 38. Qe7 Qa1 39. Kg1 Qd4+ 40.
Kh1 Qa1 41. Kg1 1/2-1/2

[Event "IX American Continental Classical Championship 201"]
[Site "Hotel Pipa AtlÃ¢ntico - Praia da Pipa - Rio Grande"]
[Date "2014.10.22"]
[Round "7"]
[Board "3"]
[White "Ortiz Suarez, Isan Reynaldo"]
[Black "Santiago, Yago De Moura"]
[Result "1/2-1/2"]
[WhiteElo "2611"]
[BlackElo "2397"]
[PlyCount "108"]
[EventDate "2014.10.18"]
[EventRounds "11"]
[EventCountry "BRA"]

1. e4 e6 2. d4 d5 3. Nd2 Nc6 4. Ngf3 Nf6 5. e5 Nd7 6. c4 Be7 7. Bd3 f6 8. O-O
fxe5 9. cxd5 exd5 10. Nxe5 Ndxe5 11. dxe5 Nxe5 12. Qh5+ Nf7 13. Bxh7 g5 14. Qg6
Qd6 15. Nf3 Kf8 16. Re1 Qxg6 17. Bxg6 g4 18. Bxf7 Kxf7 19. Ne5+ Kf6 20. Be3 c5
21. Nd3 b6 22. Bf4 Rh7 23. Re5 Bd6 24. Rxd5 Bxf4 25. Nxf4 Bb7 26. Nh5+ Kg6 27.
Nf4+ Kf6 28. Rh5 Rxh5 29. Nxh5+ Kg5 30. Ng3 Rd8 31. Nf1 Ba6 32. Rb1 Bxf1 33.
Kxf1 Rd2 34. h3 Rc2 35. hxg4 Kxg4 36. a4 c4 37. Rd1 Kf4 38. Rd5 a6 39. Ke1 Ke4
40. Rd2 Rc1+ 41. Ke2 Ke5 42. Ke3 Re1+ 43. Re2 Ra1 44. Kd2+ Kf6 45. Kc3 Rxa4 46.
Re1 a5 47. f4 Rb4 48. g4 Rb3+ 49. Kxc4 Rxb2 50. g5+ Kf5 51. Rg1 Rc2+ 52. Kb5
Kxf4 53. g6 Rc8 54. g7 Rg8 1/2-1/2

[Event "IX American Continental Classical Championship 201"]
[Site "Hotel Pipa AtlÃ¢ntico - Praia da Pipa - Rio Grande"]
[Date "2014.10.22"]
[Round "7"]
[Board "5"]
[White "Felgaer, Ruben"]
[Black "Alonso, Salvador"]
[Result "0-1"]
[WhiteElo "2577"]
[BlackElo "2505"]
[PlyCount "128"]
[EventDate "2014.10.18"]
[EventRounds "11"]
[EventCountry "BRA"]

1. e4 c5 2. Nf3 e6 3. d4 cxd4 4. Nxd4 Nc6 5. Nc3 a6 6. Nxc6 bxc6 7. Bd3 d5 8.
O-O Nf6 9. Qe2 Be7 10. b3 O-O 11. Bb2 Bb7 12. Rae1 Re8 13. f4 c5 14. Kh1 dxe4
15. Nxe4 Nxe4 16. Bxe4 Bxe4 17. Qxe4 Qd5 18. Qe2 Qf5 19. Qf2 Bf6 20. Be5 h5 21.
Re3 Red8 22. Qe2 g6 23. h3 h4 24. Bxf6 Qxf6 25. Re5 Rd5 26. Rxd5 exd5 27. f5 g5
28. Qf3 Rd8 29. Qe3 d4 30. Qe4 Kg7 31. a3 Rc8 32. Qd5 Rc6 33. Rf3 Rd6 34. Qe4
Rd7 35. Rf1 Re7 36. Qg4 Re3 37. Rd1 a5 38. a4 Kh6 39. Rf1 Qe5 40. f6 Re1 41.
Qf3 Rxf1+ 42. Qxf1 Kg6 43. Qb5 Qf5 44. Qc4 Kxf6 45. b4 cxb4 46. Qxd4+ Qe5 47.
Qb6+ Kg7 48. Qb5 Qxb5 49. axb5 a4 50. b6 a3 51. b7 a2 52. b8=Q a1=Q+ 53. Kh2
Qd4 54. Qb7 Kf6 55. Qc6+ Kf5 56. Qc8+ Kf4 57. Qe8 f5 58. Qe1 Qc3 59. Qc1+ Qe3
60. Qb1 Qd2 61. Qf1+ Ke4 62. Qc4+ Ke3 63. Qe6+ Kf2 64. Qb6+ Qe3 0-1

[Event "IX American Continental Classical Championship 201"]
[Site "Hotel Pipa AtlÃ¢ntico - Praia da Pipa - Rio Grande"]
[Date "2014.10.22"]
[Round "7"]
[Board "6"]
[White "Perez Ponsa, Federico"]
[Black "Kaidanov, Gregory S"]
[Result "1/2-1/2"]
[WhiteElo "2536"]
[BlackElo "2569"]
[PlyCount "64"]
[EventDate "2014.10.18"]
[EventRounds "11"]
[EventCountry "BRA"]

1. d4 d5 2. c4 e6 3. Nf3 Nf6 4. g3 dxc4 5. Bg2 Bb4+ 6. Bd2 a5 7. O-O Nc6 8. e3
O-O 9. Qe2 Bd6 10. Na3 Ne4 11. Nxc4 Nxd2 12. Nfxd2 Bd7 13. Ne4 Be7 14. Rfd1 Qb8
15. Rac1 Rd8 16. Nc3 Bf6 17. Nd2 a4 18. a3 Na5 19. Nce4 Be7 20. Nc5 Be8 21. Rc3
Ra7 22. Rdc1 h6 23. Qg4 Bxc5 24. Rxc5 b6 25. R5c2 c5 26. dxc5 bxc5 27. Nc4 Nb3
28. Rd1 Bb5 29. Bf3 Rxd1+ 30. Bxd1 Rd7 31. Bf3 Qd8 32. Kg2 Qc7 1/2-1/2

[Event "IX American Continental Classical Championship 201"]
[Site "Hotel Pipa AtlÃ¢ntico - Praia da Pipa - Rio Grande"]
[Date "2014.10.22"]
[Round "7"]
[Board "7"]
[White "Bachmann, Axel"]
[Black "Paveto, Kevin"]
[Result "1-0"]
[WhiteElo "2645"]
[BlackElo "2426"]
[PlyCount "63"]
[EventDate "2014.10.18"]
[EventRounds "11"]
[EventCountry "BRA"]

1. Nf3 Nf6 2. c4 g6 3. Nc3 d5 4. cxd5 Nxd5 5. Qb3 Nb6 6. d4 Bg7 7. Bf4 O-O 8.
e3 Bg4 9. Be2 N8d7 10. Rd1 Nf6 11. e4 c6 12. h3 Be6 13. Qc2 Bc4 14. Bxc4 Nxc4
15. O-O Qa5 16. Rd3 Rad8 17. Rfd1 b5 18. b3 Na3 19. Qe2 Nh5 20. Bc1 b4 21. Na4
e5 22. Nxe5 Bxe5 23. dxe5 Rxd3 24. Qxd3 Qxe5 25. Qd4 Qxd4 26. Rxd4 Nb5 27. Rxb4
Rd8 28. Rc4 Rd1+ 29. Kh2 Nd6 30. Rxc6 Nxe4 31. Be3 f5 32. Nc3 1-0